MARC

LEADER 00000nam^a2200000^a^4500
001 000554968
005 20250526000000.0
009 20260310131709.19
037 |a Acervo ITESO - Biblioteca 
041 |a GRA 
041 |a ESP 
082 |a 770. 972  |b REY CAM 
100 |a Reyes, Aurelio de los  |e (autor) 
245 1 4 |a Los caminos de la plata /  |c Fotógrafo y texto A. de los Reyes ; coord. editorial de Mónica Guadalupe Santillán Campos ; presen. de Adrián Ventura Dávila. 
250 |a 2a edición 
264 4 |a Aguascalientes, México :  |b Ayuntamiento de Aguascalientes :  |b Seminario de Cultura Mexicana, Corresponsalía Aguascalientes,  |c 2010, c2010 
300 |a 147 p. ;  |c 27.0 cm. 
336 |a texto  |b txt  |2 rdacontenido 
337 |a sin mediación  |b n  |2 rdamedio 
338 |a volumen  |b nc  |2 rdasoporte 
546 |a Edición gráfica con texto en español 
585 |a Exposición DIA 2024-02 / Feria de recomendaciones 
649 |a XX 
650 |a Indígenas de México -  |z Aguascalientes -  |x Historia 
650 |a Haciendas -  |z Aguascalientes -  |x Historia 
650 |a Haciendas -  |z México -  |x Historia 
650 |a Plata -  |z México -  |x Historia -  |y Epoca Colonial, 1517-1821 
650 |a Plata -  |z México -  |x Industria y Comercio -  |x Historia -  |x Tema Principal 
650 |a Fotografía de la Naturaleza -  |z Aguascalientes 
650 |a Fotografía de la Naturaleza -  |z México 
650 |a Fotografía Arquitectónica -  |z Aguascalientes 
650 |a Fotografía Arquitectónica -  |z México 
650 |a Fotografía Mexicana -  |y Siglo XX 
650 |a Arte Mexicano -  |y Siglo XX 
650 |a Aguascalientes -  |x Descripción 
650 |a Guanajuato -  |x Descripción 
650 |a Querétaro -  |x Descripción 
650 |a Zacatecas -  |x Descripción 
650 |a Aguascalientes -  |x Fotografías 
650 |a Guanajuato -  |x Fotografías 
650 |a Querétaro -  |x Fotografías 
650 |a Zacatecas -  |x Fotografías 
650 |a México -  |x Descripción 
650 |a México -  |x Fotografías 
650 |a México -  |x Historia 
910 |a Fondo Pedro Valtierra 
920 |a Impresos - Libros 
930 |a Libros Antiguos y Raros 
905 |a 129 
901 |a 0500370155  |b IT2  |c LRA  |i D  |u 20250526 
902 |a https://opac.biblio.iteso.mx/vufind/Record/000554968